000 00488nam a22001817a 4500
003 BD-DhUIB
005 20251009182552.0
008 251009b |||||||| |||| 00| 0 eng d
040 _aBD-DhUIB
_cBD-DhUIB
082 _222
100 _aKinicki, Angelo.
_9172
245 _aManagement: a practical introduction/
_cby Angelo, Kinicki.
250 _a5th ed.
260 _aNew york.
_bTata Macgrow hill:
_cc2011.
300 _axxxi,545p. :
_billus.
_c24cm.
526 _aBBA
942 _2ddc
_cBK
999 _c487
_d487